[Event "April 9 Late 2024"]
[Site "Chess.com"]
[Date "2024.04.09"]
[Round "7"]
[White "Glidzhain, Gor"]
[Black "Kushko, Dmitriy"]
[Result "1-0"]
[Board "42"]
[WhiteFideId "24109932"]
[BlackFideId "14162261"]
[WhiteTitle "FM"]
[BlackTitle "IM"]
[WhiteElo "2591"]
[BlackElo "2770"]
[WhiteTeam "RUS"]
[BlackTeam "UKR"]
[WhiteClock "0:00:14"]
[BlackClock "0:00:00"]
[Variant "Standard"]

1. e4 {[%clk 0:03:00]}  g6 {[%clk 0:02:59]} 2. h4 {[%clk 0:02:59]}  Nf6 {[%clk 0:02:59]} 3. e5 {[%clk 0:02:58]}  Nh5 {[%clk 0:02:59]} 4. g4 {[%clk 0:02:51]}  Ng7 {[%clk 0:02:59]} 5. h5 {[%clk 0:02:50]}  gxh5 {[%clk 0:03:00]} 6. gxh5 {[%clk 0:02:50]}  d6 {[%clk 0:03:01]} 7. exd6 {[%clk 0:02:48]}  Qxd6 {[%clk 0:03:01]} 8. d4 {[%clk 0:02:48]}  Nc6 {[%clk 0:02:52]} 9. c3 {[%clk 0:02:47]}  Nf5 {[%clk 0:02:40]} 10. Ne2 {[%clk 0:02:42]}  e5 {[%clk 0:02:38]} 11. d5 {[%clk 0:02:37]}  Nce7 {[%clk 0:02:38]} 12. c4 {[%clk 0:02:29]}  Nh6 {[%clk 0:02:16]} 13. Nbc3 {[%clk 0:02:27]}  f5 {[%clk 0:02:16]} 14. Qb3 {[%clk 0:02:18]}  Nf7 {[%clk 0:02:12]} 15. Be3 {[%clk 0:02:09]}  Bh6 {[%clk 0:02:09]} 16. c5 {[%clk 0:01:54]}  Qd8 {[%clk 0:01:35]} 17. Bxh6 {[%clk 0:01:22]}  Nxh6 {[%clk 0:01:36]} 18. O-O-O {[%clk 0:01:23]}  Ng4 {[%clk 0:01:16]} 19. f4 {[%clk 0:00:51]}  Nf2 {[%clk 0:01:10]} 20. fxe5 {[%clk 0:00:48]}  Nxd1 {[%clk 0:01:05]} 21. Qxd1 {[%clk 0:00:45]}  Ng8 {[%clk 0:00:54]} 22. Rg1 {[%clk 0:00:40]}  Qe7 {[%clk 0:00:46]} 23. Qd4 {[%clk 0:00:35]}  Nh6 {[%clk 0:00:39]} 24. d6 {[%clk 0:00:25]}  Qf8 {[%clk 0:00:19]} 25. Nd5 {[%clk 0:00:21]}  Be6 {[%clk 0:00:09]} 26. Nxc7+ {[%clk 0:00:21]}  Kd7 {[%clk 0:00:09]} 27. Nxe6 {[%clk 0:00:21]}  Kxe6 {[%clk 0:00:08]} 28. Nf4+ {[%clk 0:00:21]}  Kd7 {[%clk 0:00:08]} 29. e6+ {[%clk 0:00:21]}  Kc8 {[%clk 0:00:08]} 30. e7 {[%clk 0:00:20]}  Qe8 {[%clk 0:00:07]} 31. d7+ {[%clk 0:00:14]}  Qxd7 {[%clk 0:00:07]} 32. Qxh8+ {[%clk 0:00:15]}  Kc7 {[%clk 0:00:07]} 33. Qxa8 {[%clk 0:00:15]}  Qd4 {[%clk 0:00:00]} 34. Ne6+ {[%clk 0:00:14]} 1-0

[Event "April 9 Late 2024"]
[Site "Chess.com"]
[Date "2024.04.09"]
[Round "7"]
[White "Ruperez Benito, Antonio"]
[Black "Gabrielian, Artur"]
[Result "0-1"]
[Board "44"]
[WhiteFideId "22245049"]
[BlackFideId "4131002"]
[WhiteTitle "FM"]
[BlackTitle "GM"]
[WhiteElo "2581"]
[BlackElo "2768"]
[WhiteTeam "ESP"]
[BlackTeam "RUS"]
[WhiteClock "0:00:03"]
[BlackClock "0:00:08"]
[Variant "Standard"]

1. e4 {[%clk 0:03:00]}  c5 {[%clk 0:02:59]} 2. Nf3 {[%clk 0:03:00]}  d6 {[%clk 0:03:00]} 3. Bb5+ {[%clk 0:03:00]}  Bd7 {[%clk 0:03:00]} 4. Bxd7+ {[%clk 0:02:59]}  Qxd7 {[%clk 0:03:01]} 5. O-O {[%clk 0:03:00]}  Nf6 {[%clk 0:02:59]} 6. Qe2 {[%clk 0:03:00]}  Nc6 {[%clk 0:02:58]} 7. c3 {[%clk 0:03:00]}  e6 {[%clk 0:02:56]} 8. d4 {[%clk 0:03:00]}  cxd4 {[%clk 0:02:56]} 9. cxd4 {[%clk 0:03:00]}  d5 {[%clk 0:02:57]} 10. e5 {[%clk 0:03:01]}  Ne4 {[%clk 0:02:57]} 11. Be3 {[%clk 0:03:02]}  Be7 {[%clk 0:02:56]} 12. Ne1 {[%clk 0:03:00]}  f6 {[%clk 0:02:56]} 13. f3 {[%clk 0:03:01]}  Ng5 {[%clk 0:02:56]} 14. Bxg5 {[%clk 0:03:01]}  fxg5 {[%clk 0:02:56]} 15. Qe3 {[%clk 0:02:59]}  O-O {[%clk 0:02:55]} 16. Nc3 {[%clk 0:02:58]}  Rac8 {[%clk 0:02:54]} 17. Nc2 {[%clk 0:02:57]}  Na5 {[%clk 0:02:47]} 18. Qe2 {[%clk 0:02:25]}  Nc4 {[%clk 0:02:44]} 19. Ne3 {[%clk 0:02:26]}  Rf4 {[%clk 0:02:34]} 20. Rfd1 {[%clk 0:02:21]}  Qc7 {[%clk 0:02:18]} 21. Rac1 {[%clk 0:02:16]}  Nxe3 {[%clk 0:02:14]} 22. Qxe3 {[%clk 0:02:17]}  Qd8 {[%clk 0:02:05]} 23. Ne2 {[%clk 0:02:13]}  Rf8 {[%clk 0:02:05]} 24. Rxc8 {[%clk 0:02:12]}  Qxc8 {[%clk 0:02:05]} 25. Rc1 {[%clk 0:02:13]}  Qd7 {[%clk 0:02:04]} 26. Qc3 {[%clk 0:02:13]}  Qb5 {[%clk 0:01:51]} 27. Rc2 {[%clk 0:02:05]}  Bb4 {[%clk 0:01:36]} 28. Qe3 {[%clk 0:01:55]}  h6 {[%clk 0:01:29]} 29. Qb3 {[%clk 0:01:47]}  Qb6 {[%clk 0:01:29]} 30. a3 {[%clk 0:01:41]}  Ba5 {[%clk 0:01:28]} 31. Qxb6 {[%clk 0:01:40]}  Bxb6 {[%clk 0:01:28]} 32. Kf2 {[%clk 0:01:41]}  g4 {[%clk 0:01:28]} 33. Ke3 {[%clk 0:01:41]}  gxf3 {[%clk 0:01:27]} 34. gxf3 {[%clk 0:01:42]}  g5 {[%clk 0:01:28]} 35. b4 {[%clk 0:01:17]}  Rf5 {[%clk 0:01:27]} 36. Rc8+ {[%clk 0:01:17]}  Kg7 {[%clk 0:01:25]} 37. Rb8 {[%clk 0:01:15]}  Rxe5+ {[%clk 0:01:14]} 38. Kd3 {[%clk 0:01:15]}  Rf5 {[%clk 0:01:14]} 39. Rxb7+ {[%clk 0:01:15]}  Kg6 {[%clk 0:01:14]} 40. Ke3 {[%clk 0:01:02]}  e5 {[%clk 0:01:02]} 41. a4 {[%clk 0:00:55]}  exd4+ {[%clk 0:01:01]} 42. Kd2 {[%clk 0:00:44]}  d3 {[%clk 0:00:59]} 43. Nc1 {[%clk 0:00:25]}  Rxf3 {[%clk 0:00:44]} 44. Nxd3 {[%clk 0:00:26]}  Rh3 {[%clk 0:00:40]} 45. a5 {[%clk 0:00:26]}  Bg1 {[%clk 0:00:39]} 46. b5 {[%clk 0:00:24]}  Rxh2+ {[%clk 0:00:33]} 47. Kc3 {[%clk 0:00:20]}  Ra2 {[%clk 0:00:32]} 48. a6 {[%clk 0:00:19]}  Ra3+ {[%clk 0:00:26]} 49. Kc2 {[%clk 0:00:18]}  Bd4 {[%clk 0:00:23]} 50. Nb4 {[%clk 0:00:18]}  Rc3+ {[%clk 0:00:20]} 51. Kd2 {[%clk 0:00:18]}  Rc4 {[%clk 0:00:10]} 52. Nxd5 {[%clk 0:00:12]}  Ra4 {[%clk 0:00:10]} 53. Rd7 {[%clk 0:00:07]}  Bg1 {[%clk 0:00:09]} 54. Rd6+ {[%clk 0:00:06]}  Kh5 {[%clk 0:00:09]} 55. Nf6+ {[%clk 0:00:06]}  Kh4 {[%clk 0:00:09]} 56. Ng8 {[%clk 0:00:02]}  h5 {[%clk 0:00:09]} 57. Rh6 {[%clk 0:00:03]}  Bd4 {[%clk 0:00:08]} 58. Nf6 {[%clk 0:00:02]}  Bxf6 {[%clk 0:00:07]} 59. Rxf6 {[%clk 0:00:03]}  g4 {[%clk 0:00:08]} 60. Rh6 {[%clk 0:00:03]}  Kg5 {[%clk 0:00:08]} 61. Ke3 {[%clk 0:00:03]}  Kxh6 {[%clk 0:00:08]} 0-1

[Event "April 9 Late 2024"]
[Site "Chess.com"]
[Date "2024.04.09"]
[Round "7"]
[White "Fiorito, Francisco"]
[Black "Ozates, Tuna"]
[Result "1-0"]
[Board "49"]
[WhiteFideId "180165"]
[BlackFideId "6354521"]
[WhiteTitle "FM"]
[BlackTitle "FM"]
[WhiteElo "2738"]
[BlackElo "2570"]
[WhiteTeam "ARG"]
[BlackTeam "TUR"]
[WhiteClock "0:00:23"]
[BlackClock "0:00:01"]
[Variant "Standard"]

1. e4 {[%clk 0:03:00]}  e5 {[%clk 0:02:57]} 2. Nf3 {[%clk 0:02:59]}  Nc6 {[%clk 0:02:56]} 3. Nc3 {[%clk 0:02:59]}  Nf6 {[%clk 0:02:56]} 4. d4 {[%clk 0:03:00]}  exd4 {[%clk 0:02:56]} 5. Nxd4 {[%clk 0:03:01]}  Bb4 {[%clk 0:02:56]} 6. Nxc6 {[%clk 0:03:01]}  bxc6 {[%clk 0:02:56]} 7. Bd3 {[%clk 0:03:02]}  d5 {[%clk 0:02:56]} 8. Bd2 {[%clk 0:03:03]}  O-O {[%clk 0:02:55]} 9. O-O {[%clk 0:03:02]}  Re8 {[%clk 0:02:55]} 10. Nxd5 {[%clk 0:02:51]}  Nxd5 {[%clk 0:02:42]} 11. exd5 {[%clk 0:02:49]}  Bxd2 {[%clk 0:02:42]} 12. Qxd2 {[%clk 0:02:45]}  cxd5 {[%clk 0:02:41]} 13. Rae1 {[%clk 0:02:42]}  c5 {[%clk 0:02:35]} 14. Bb5 {[%clk 0:02:36]}  Rxe1 {[%clk 0:02:30]} 15. Rxe1 {[%clk 0:02:37]}  Be6 {[%clk 0:02:30]} 16. b3 {[%clk 0:02:31]}  h6 {[%clk 0:02:22]} 17. Qf4 {[%clk 0:02:20]}  Rc8 {[%clk 0:02:19]} 18. h3 {[%clk 0:02:16]}  d4 {[%clk 0:02:19]} 19. Bd3 {[%clk 0:02:16]}  c4 {[%clk 0:02:09]} 20. bxc4 {[%clk 0:02:12]}  Bxc4 {[%clk 0:02:10]} 21. Bf5 {[%clk 0:02:08]}  Qf6 {[%clk 0:01:59]} 22. Qg4 {[%clk 0:02:02]}  Rd8 {[%clk 0:01:52]} 23. a3 {[%clk 0:01:59]}  h5 {[%clk 0:01:48]} 24. Qf3 {[%clk 0:01:45]}  g6 {[%clk 0:01:47]} 25. Be4 {[%clk 0:01:39]}  Qxf3 {[%clk 0:01:48]} 26. Bxf3 {[%clk 0:01:40]}  d3 {[%clk 0:01:47]} 27. cxd3 {[%clk 0:01:38]}  Rxd3 {[%clk 0:01:47]} 28. a4 {[%clk 0:01:25]}  Ra3 {[%clk 0:01:46]} 29. Bc6 {[%clk 0:01:23]}  a6 {[%clk 0:01:25]} 30. Re4 {[%clk 0:01:16]}  Bb3 {[%clk 0:01:22]} 31. Kh2 {[%clk 0:01:11]}  Ra2 {[%clk 0:01:20]} 32. Kg3 {[%clk 0:01:08]}  g5 {[%clk 0:01:16]} 33. h4 {[%clk 0:01:05]}  f5 {[%clk 0:01:11]} 34. Re8+ {[%clk 0:00:49]}  Kf7 {[%clk 0:01:10]} 35. Rb8 {[%clk 0:00:45]}  Ra3 {[%clk 0:00:54]} 36. f3 {[%clk 0:00:44]}  gxh4+ {[%clk 0:00:43]} 37. Kxh4 {[%clk 0:00:44]}  Kf6 {[%clk 0:00:43]} 38. Kxh5 {[%clk 0:00:38]}  Bxa4 {[%clk 0:00:42]} 39. Bxa4 {[%clk 0:00:30]}  Rxa4 {[%clk 0:00:43]} 40. Rf8+ {[%clk 0:00:30]}  Ke6 {[%clk 0:00:18]} 41. Kg5 {[%clk 0:00:30]}  Ra2 {[%clk 0:00:12]} 42. g3 {[%clk 0:00:31]}  Rg2 {[%clk 0:00:06]} 43. Kf4 {[%clk 0:00:31]}  Rc2 {[%clk 0:00:05]} 44. Rxf5 {[%clk 0:00:29]}  Rc4+ {[%clk 0:00:03]} 45. Kg5 {[%clk 0:00:29]}  Ra4 {[%clk 0:00:03]} 46. Rf6+ {[%clk 0:00:28]}  Ke7 {[%clk 0:00:04]} 47. Rb6 {[%clk 0:00:27]}  a5 {[%clk 0:00:03]} 48. f4 {[%clk 0:00:27]}  Ra1 {[%clk 0:00:03]} 49. g4 {[%clk 0:00:27]}  a4 {[%clk 0:00:04]} 50. f5 {[%clk 0:00:27]}  a3 {[%clk 0:00:04]} 51. Rb7+ {[%clk 0:00:24]}  Ke8 {[%clk 0:00:03]} 52. Kf6 {[%clk 0:00:24]}  a2 {[%clk 0:00:03]} 53. Ra7 {[%clk 0:00:23]}  Kd8 {[%clk 0:00:02]} 54. g5 {[%clk 0:00:23]}  Ke8 {[%clk 0:00:01]} 55. g6 {[%clk 0:00:23]}  Kd8 {[%clk 0:00:01]} 56. g7 {[%clk 0:00:23]} 1-0

[Event "April 9 Late 2024"]
[Site "Chess.com"]
[Date "2024.04.09"]
[Round "7"]
[White "Perea Fruet, Lorenzo"]
[Black "Vlassov, Nikolai"]
[Result "0-1"]
[Board "50"]
[WhiteFideId "24595870"]
[BlackFideId "4103360"]
[WhiteTitle "FM"]
[BlackTitle "IM"]
[WhiteElo "2734"]
[BlackElo "2560"]
[WhiteTeam "ESP"]
[BlackTeam "FID"]
[WhiteClock "0:00:00"]
[BlackClock "0:00:06"]
[Variant "Standard"]

1. f4 {[%clk 0:02:57]}  g6 {[%clk 0:02:47]} 2. Nf3 {[%clk 0:02:55]}  Bg7 {[%clk 0:02:48]} 3. g3 {[%clk 0:02:55]}  c6 {[%clk 0:02:44]} 4. Bg2 {[%clk 0:02:55]}  d5 {[%clk 0:02:44]} 5. O-O {[%clk 0:02:53]}  Qb6+ {[%clk 0:02:43]} 6. d4 {[%clk 0:02:46]}  Nf6 {[%clk 0:02:38]} 7. c3 {[%clk 0:02:42]}  Bf5 {[%clk 0:02:32]} 8. Nbd2 {[%clk 0:02:41]}  Nbd7 {[%clk 0:02:31]} 9. Ne5 {[%clk 0:02:37]}  O-O {[%clk 0:02:20]} 10. h3 {[%clk 0:02:32]}  h5 {[%clk 0:02:17]} 11. e3 {[%clk 0:02:27]}  c5 {[%clk 0:02:08]} 12. g4 {[%clk 0:02:22]}  hxg4 {[%clk 0:02:01]} 13. hxg4 {[%clk 0:02:23]}  Nxe5 {[%clk 0:01:52]} 14. gxf5 {[%clk 0:02:22]}  Neg4 {[%clk 0:01:44]} 15. dxc5 {[%clk 0:02:00]}  Qxc5 {[%clk 0:01:25]} 16. Nb3 {[%clk 0:01:59]}  Qb6 {[%clk 0:01:25]} 17. Nd4 {[%clk 0:01:57]}  gxf5 {[%clk 0:01:15]} 18. Nxf5 {[%clk 0:01:55]}  e6 {[%clk 0:01:15]} 19. Nd4 {[%clk 0:01:47]}  e5 {[%clk 0:00:53]} 20. fxe5 {[%clk 0:01:43]}  Nxe5 {[%clk 0:00:53]} 21. Rf5 {[%clk 0:01:34]}  Ne4 {[%clk 0:00:36]} 22. Qh5 {[%clk 0:01:25]}  Rfe8 {[%clk 0:00:23]} 23. Rf1 {[%clk 0:01:04]}  Ng3 {[%clk 0:00:22]} 24. Qg5 {[%clk 0:01:00]}  Nxf1 {[%clk 0:00:22]} 25. Nf5 {[%clk 0:00:57]}  Qg6 {[%clk 0:00:19]} 26. Qxg6 {[%clk 0:00:53]}  fxg6 {[%clk 0:00:18]} 27. Bxd5+ {[%clk 0:00:47]}  Kh7 {[%clk 0:00:16]} 28. Nxg7 {[%clk 0:00:47]}  Kxg7 {[%clk 0:00:16]} 29. Kxf1 {[%clk 0:00:47]}  Nd3 {[%clk 0:00:14]} 30. Bd2 {[%clk 0:00:45]}  Re5 {[%clk 0:00:13]} 31. c4 {[%clk 0:00:45]}  Rf8+ {[%clk 0:00:06]} 32. Ke2 {[%clk 0:00:19]}  Nf4+ {[%clk 0:00:05]} 33. Kd1 {[%clk 0:00:16]}  Nxd5 {[%clk 0:00:06]} 34. cxd5 {[%clk 0:00:17]}  Rxd5 {[%clk 0:00:07]} 35. Ke2 {[%clk 0:00:17]}  Rf2+ {[%clk 0:00:06]} 36. Kxf2 {[%clk 0:00:17]}  Rxd2+ {[%clk 0:00:07]} 37. Kf3 {[%clk 0:00:17]}  Rxb2 {[%clk 0:00:08]} 38. Rc1 {[%clk 0:00:17]}  Kf6 {[%clk 0:00:07]} 39. Rc7 {[%clk 0:00:16]}  a5 {[%clk 0:00:07]} 40. a4 {[%clk 0:00:15]}  Rb4 {[%clk 0:00:06]} 41. Rd7 {[%clk 0:00:14]}  g5 {[%clk 0:00:07]} 42. Rc7 {[%clk 0:00:11]}  g4+ {[%clk 0:00:06]} 43. Kg3 {[%clk 0:00:11]}  b6 {[%clk 0:00:06]} 44. Rb7 {[%clk 0:00:09]}  Ke5 {[%clk 0:00:06]} 45. Re7+ {[%clk 0:00:00]}  Kd5 {[%clk 0:00:06]} 0-1

[Event "April 9 Late 2024"]
[Site "Chess.com"]
[Date "2024.04.09"]
[Round "7"]
[White "Vovk, Orest"]
[Black "Lin, Bryan Enming"]
[Result "1-0"]
[Board "52"]
[WhiteFideId "14113490"]
[BlackFideId "30987121"]
[WhiteTitle "FM"]
[WhiteElo "2555"]
[BlackElo "2696"]
[WhiteTeam "UKR"]
[BlackTeam "USA"]
[WhiteClock "0:01:34"]
[BlackClock "0:01:15"]
[Variant "Standard"]

1. g4 {[%clk 0:02:56]}  e5 {[%clk 0:02:57]} 2. h3 {[%clk 0:02:56]}  d5 {[%clk 0:02:57]} 3. Bg2 {[%clk 0:02:56]}  h5 {[%clk 0:02:56]} 4. d4 {[%clk 0:02:56]}  e4 {[%clk 0:02:54]} 5. g5 {[%clk 0:02:55]}  h4 {[%clk 0:02:44]} 6. c4 {[%clk 0:02:55]}  c6 {[%clk 0:02:44]} 7. Nc3 {[%clk 0:02:55]}  Bb4 {[%clk 0:02:43]} 8. Qb3 {[%clk 0:02:55]}  Bxc3+ {[%clk 0:02:42]} 9. bxc3 {[%clk 0:02:55]}  Ne7 {[%clk 0:02:43]} 10. f3 {[%clk 0:02:51]}  exf3 {[%clk 0:02:03]} 11. Nxf3 {[%clk 0:02:50]}  dxc4 {[%clk 0:02:02]} 12. Qxc4 {[%clk 0:02:47]}  Be6 {[%clk 0:01:59]} 13. Qd3 {[%clk 0:02:46]}  Nf5 {[%clk 0:01:55]} 14. Bf4 {[%clk 0:02:40]}  Ng3 {[%clk 0:01:52]} 15. Bxg3 {[%clk 0:02:40]}  hxg3 {[%clk 0:01:53]} 16. Ne5 {[%clk 0:02:30]}  Qxg5 {[%clk 0:01:49]} 17. Rb1 {[%clk 0:02:10]}  O-O {[%clk 0:01:43]} 18. h4 {[%clk 0:01:56]}  Qf4 {[%clk 0:01:33]} 19. Rf1 {[%clk 0:01:48]}  Qxh4 {[%clk 0:01:31]} 20. Rh1 {[%clk 0:01:48]}  Qxh1+ {[%clk 0:01:25]} 21. Bxh1 {[%clk 0:01:47]}  f6 {[%clk 0:01:24]} 22. Ng6 {[%clk 0:01:43]}  Rf7 {[%clk 0:01:24]} 23. Qxg3 {[%clk 0:01:42]}  Na6 {[%clk 0:01:21]} 24. Qh4 {[%clk 0:01:39]}  Rff8 {[%clk 0:01:15]} 25. Rxb7 {[%clk 0:01:34]} 1-0

[Event "April 9 Late 2024"]
[Site "Chess.com"]
[Date "2024.04.09"]
[Round "7"]
[White "Senthilkumar, Pranav"]
[Black "Gavrilin, Roman"]
[Result "0-1"]
[Board "53"]
[WhiteFideId "2083477"]
[BlackFideId "54104564"]
[WhiteTitle "CM"]
[WhiteElo "2535"]
[BlackElo "2682"]
[WhiteTeam "USA"]
[BlackTeam "CAN"]
[WhiteClock "0:00:02"]
[BlackClock "0:00:07"]
[Variant "Standard"]

1. Nf3 {[%clk 0:03:00]}  Nf6 {[%clk 0:02:57]} 2. d4 {[%clk 0:03:01]}  e6 {[%clk 0:02:57]} 3. g3 {[%clk 0:03:02]}  b6 {[%clk 0:02:58]} 4. Bg2 {[%clk 0:03:02]}  Bb7 {[%clk 0:02:58]} 5. O-O {[%clk 0:03:02]}  Be7 {[%clk 0:02:59]} 6. c4 {[%clk 0:03:02]}  O-O {[%clk 0:02:59]} 7. Nc3 {[%clk 0:03:03]}  Ne4 {[%clk 0:02:59]} 8. Bd2 {[%clk 0:03:00]}  Nxd2 {[%clk 0:02:59]} 9. Qxd2 {[%clk 0:03:00]}  d6 {[%clk 0:02:58]} 10. e4 {[%clk 0:03:01]}  Nd7 {[%clk 0:02:58]} 11. Rfe1 {[%clk 0:03:01]}  Re8 {[%clk 0:02:55]} 12. Rad1 {[%clk 0:03:01]}  h6 {[%clk 0:02:50]} 13. b3 {[%clk 0:02:54]}  e5 {[%clk 0:02:40]} 14. dxe5 {[%clk 0:02:53]}  Nxe5 {[%clk 0:02:39]} 15. Nxe5 {[%clk 0:02:53]}  dxe5 {[%clk 0:02:40]} 16. Qe2 {[%clk 0:02:44]}  Qc8 {[%clk 0:02:31]} 17. Qh5 {[%clk 0:02:37]}  Bf6 {[%clk 0:02:09]} 18. Bh3 {[%clk 0:02:36]}  Qb8 {[%clk 0:02:07]} 19. Rd7 {[%clk 0:02:31]}  Rf8 {[%clk 0:02:05]} 20. Nd5 {[%clk 0:02:03]}  Bxd5 {[%clk 0:02:01]} 21. exd5 {[%clk 0:02:03]}  a5 {[%clk 0:01:56]} 22. d6 {[%clk 0:01:58]}  cxd6 {[%clk 0:01:48]} 23. Bg2 {[%clk 0:01:59]}  Ra7 {[%clk 0:01:47]} 24. Rxa7 {[%clk 0:01:57]}  Qxa7 {[%clk 0:01:47]} 25. Rd1 {[%clk 0:01:57]}  Qe7 {[%clk 0:01:46]} 26. Bd5 {[%clk 0:01:53]}  Kh7 {[%clk 0:01:37]} 27. Qf3 {[%clk 0:01:44]}  g6 {[%clk 0:01:34]} 28. h4 {[%clk 0:01:43]}  h5 {[%clk 0:01:31]} 29. Be4 {[%clk 0:01:41]}  Kg7 {[%clk 0:01:30]} 30. Qd3 {[%clk 0:01:37]}  Rd8 {[%clk 0:01:16]} 31. Qd5 {[%clk 0:01:36]}  Qc7 {[%clk 0:01:12]} 32. a3 {[%clk 0:01:30]}  Kh7 {[%clk 0:01:11]} 33. Rd3 {[%clk 0:01:25]}  Bg7 {[%clk 0:01:10]} 34. Rf3 {[%clk 0:01:18]}  f5 {[%clk 0:01:08]} 35. Bxf5 {[%clk 0:01:10]}  gxf5 {[%clk 0:01:00]} 36. Rxf5 {[%clk 0:01:11]}  Qd7 {[%clk 0:00:15]} 37. Rxh5+ {[%clk 0:01:00]}  Bh6 {[%clk 0:00:15]} 38. Qe4+ {[%clk 0:00:39]}  Kg7 {[%clk 0:00:14]} 39. g4 {[%clk 0:00:20]}  Rf8 {[%clk 0:00:13]} 40. g5 {[%clk 0:00:18]}  Rf4 {[%clk 0:00:14]} 41. gxh6+ {[%clk 0:00:09]}  Kh8 {[%clk 0:00:14]} 42. Qa8+ {[%clk 0:00:03]}  Kh7 {[%clk 0:00:15]} 43. Rg5 {[%clk 0:00:03]}  Qf7 {[%clk 0:00:15]} 44. Qg2 {[%clk 0:00:02]}  Kxh6 {[%clk 0:00:14]} 45. Rg3 {[%clk 0:00:03]}  Qf5 {[%clk 0:00:12]} 46. Rg5 {[%clk 0:00:02]}  Qb1+ {[%clk 0:00:11]} 47. Kh2 {[%clk 0:00:02]}  Rxh4+ {[%clk 0:00:12]} 48. Kg3 {[%clk 0:00:02]}  Kxg5 {[%clk 0:00:07]} 49. Qd5 {[%clk 0:00:01]}  Qg1+ {[%clk 0:00:07]} 50. Kf3 {[%clk 0:00:02]}  Rf4+ {[%clk 0:00:07]} 51. Ke2 {[%clk 0:00:02]}  Qxf2+ {[%clk 0:00:07]} 52. Kd3 {[%clk 0:00:02]}  Rd4+ {[%clk 0:00:07]} 53. Kc3 {[%clk 0:00:02]} 0-1

[Event "April 9 Late 2024"]
[Site "Chess.com"]
[Date "2024.04.09"]
[Round "7"]
[White "Silva Lucena, Cristian"]
[Black "Shandrygin, Nikita"]
[Result "0-1"]
[Board "54"]
[WhiteFideId "2232588"]
[BlackFideId "24198668"]
[WhiteTitle "FM"]
[BlackTitle "FM"]
[WhiteElo "2519"]
[BlackElo "2669"]
[WhiteTeam "ESP"]
[BlackTeam "RUS"]
[WhiteClock "0:00:00"]
[BlackClock "0:00:14"]
[Variant "Standard"]

1. e4 {[%clk 0:03:00]}  c5 {[%clk 0:02:58]} 2. Nf3 {[%clk 0:03:00]}  e6 {[%clk 0:02:59]} 3. d4 {[%clk 0:03:00]}  cxd4 {[%clk 0:03:00]} 4. Nxd4 {[%clk 0:03:01]}  Nf6 {[%clk 0:03:00]} 5. Nc3 {[%clk 0:03:01]}  Nc6 {[%clk 0:03:01]} 6. Ndb5 {[%clk 0:02:59]}  Bb4 {[%clk 0:03:00]} 7. a3 {[%clk 0:02:58]}  Bxc3+ {[%clk 0:03:01]} 8. Nxc3 {[%clk 0:02:59]}  d5 {[%clk 0:03:00]} 9. Bd3 {[%clk 0:03:00]}  O-O {[%clk 0:03:01]} 10. O-O {[%clk 0:02:55]}  d4 {[%clk 0:03:00]} 11. Ne2 {[%clk 0:02:54]}  e5 {[%clk 0:03:01]} 12. h3 {[%clk 0:02:49]}  Nd7 {[%clk 0:03:00]} 13. Bd2 {[%clk 0:02:44]}  Nc5 {[%clk 0:02:59]} 14. Qe1 {[%clk 0:02:41]}  f5 {[%clk 0:02:56]} 15. exf5 {[%clk 0:02:40]}  e4 {[%clk 0:02:56]} 16. Bc4+ {[%clk 0:02:40]}  Kh8 {[%clk 0:02:56]} 17. Ng3 {[%clk 0:02:37]}  Bxf5 {[%clk 0:02:55]} 18. Nxf5 {[%clk 0:02:36]}  Rxf5 {[%clk 0:02:56]} 19. b4 {[%clk 0:02:37]}  e3 {[%clk 0:02:46]} 20. fxe3 {[%clk 0:02:26]}  Rxf1+ {[%clk 0:02:45]} 21. Qxf1 {[%clk 0:02:23]}  Ne4 {[%clk 0:02:45]} 22. Bc1 {[%clk 0:02:17]}  Qb6 {[%clk 0:02:45]} 23. Qd3 {[%clk 0:01:57]}  Re8 {[%clk 0:01:49]} 24. exd4 {[%clk 0:01:55]}  Ng3 {[%clk 0:01:11]} 25. Bb2 {[%clk 0:01:19]}  Ne2+ {[%clk 0:01:03]} 26. Kh1 {[%clk 0:01:14]}  Qc7 {[%clk 0:00:58]} 27. d5 {[%clk 0:01:02]}  Ng3+ {[%clk 0:00:46]} 28. Kg1 {[%clk 0:01:00]}  Ne2+ {[%clk 0:00:47]} 29. Qxe2 {[%clk 0:00:33]}  Rxe2 {[%clk 0:00:46]} 30. Bxe2 {[%clk 0:00:32]}  Ne5 {[%clk 0:00:43]} 31. Rf1 {[%clk 0:00:31]}  Kg8 {[%clk 0:00:37]} 32. c4 {[%clk 0:00:24]}  Nxc4 {[%clk 0:00:36]} 33. Bd4 {[%clk 0:00:20]}  Nd2 {[%clk 0:00:31]} 34. Rf2 {[%clk 0:00:15]}  Qc1+ {[%clk 0:00:28]} 35. Kh2 {[%clk 0:00:14]}  Ne4 {[%clk 0:00:28]} 36. Rf3 {[%clk 0:00:13]}  Qc7+ {[%clk 0:00:27]} 37. Kh1 {[%clk 0:00:11]}  Ng3+ {[%clk 0:00:26]} 38. Rxg3 {[%clk 0:00:10]}  Qxg3 {[%clk 0:00:27]} 39. Bf3 {[%clk 0:00:09]}  Qe1+ {[%clk 0:00:25]} 40. Kh2 {[%clk 0:00:09]}  Qd2 {[%clk 0:00:25]} 41. Bxa7 {[%clk 0:00:08]}  Qf4+ {[%clk 0:00:24]} 42. Kg1 {[%clk 0:00:08]}  Qc1+ {[%clk 0:00:25]} 43. Kf2 {[%clk 0:00:08]}  Qxa3 {[%clk 0:00:24]} 44. Bc5 {[%clk 0:00:07]}  Qb2+ {[%clk 0:00:24]} 45. Kg3 {[%clk 0:00:07]}  Qe5+ {[%clk 0:00:25]} 46. Kf2 {[%clk 0:00:06]}  b6 {[%clk 0:00:25]} 47. Bxb6 {[%clk 0:00:05]}  Qb2+ {[%clk 0:00:23]} 48. Kg1 {[%clk 0:00:05]}  Qxb4 {[%clk 0:00:24]} 49. Bf2 {[%clk 0:00:04]}  h6 {[%clk 0:00:23]} 50. Bg3 {[%clk 0:00:03]}  Qb1+ {[%clk 0:00:22]} 51. Kh2 {[%clk 0:00:03]}  Qb5 {[%clk 0:00:17]} 52. d6 {[%clk 0:00:03]}  h5 {[%clk 0:00:17]} 53. Be4 {[%clk 0:00:02]}  Kf7 {[%clk 0:00:17]} 54. h4 {[%clk 0:00:02]}  g6 {[%clk 0:00:16]} 55. Bf3 {[%clk 0:00:02]}  Qf5 {[%clk 0:00:16]} 56. Bc6 {[%clk 0:00:02]}  Qa5 {[%clk 0:00:10]} 57. d7 {[%clk 0:00:02]}  Qd8 {[%clk 0:00:09]} 58. Kh3 {[%clk 0:00:01]}  g5 {[%clk 0:00:09]} 59. Be5 {[%clk 0:00:01]}  g4+ {[%clk 0:00:10]} 60. Kh2 {[%clk 0:00:01]}  Qxh4+ {[%clk 0:00:10]} 61. Kg1 {[%clk 0:00:01]}  Qe1+ {[%clk 0:00:11]} 62. Kh2 {[%clk 0:00:01]}  Qxe5+ {[%clk 0:00:12]} 63. g3 {[%clk 0:00:01]}  Qd6 {[%clk 0:00:13]} 64. Kg2 {[%clk 0:00:01]}  Ke7 {[%clk 0:00:13]} 65. d8=Q+ {[%clk 0:00:02]}  Kxd8 {[%clk 0:00:13]} 66. Kh2 {[%clk 0:00:03]}  Ke7 {[%clk 0:00:14]} 67. Be4 {[%clk 0:00:00]}  Qd2+ {[%clk 0:00:14]} 0-1